[Event "LUX-chT 2016/17"]
[Site "Luxembourg"]
[Date "2017.03.19"]
[Round "9"]
[White "Hartung, Jerry"]
[Black "Savina, Anastasia"]
[Result "0-1"]
[WhiteElo "2182"]
[BlackElo "2376"]
[PlyCount "66"]
[EventDate "2016.09.25"]
[EventType "team-tourn"]
[EventRounds "10"]
[EventCountry "LUX"]
[SourceTitle "EXT 2018"]
[Source "ChessBase"]
[SourceDate "2017.10.13"]
[SourceVersion "1"]
[SourceVersionDate "2017.10.13"]
[SourceQuality "1"]

1. d4 d6 2. e4 Nf6 3. Nc3 e5 4. dxe5 dxe5 5. Qxd8+ Kxd8 6. Nf3 Bd6 7. Bc4 Be6 8. Bxe6 fxe6 9. Be3 Ke7 10. Nd2 Nbd7 11. f3 c6 12. 0-0-0 a5 13. Nc4 Bc7 14. a4 Rhb8 15. b3 b5 16. Nb2 Bd6 17. Rd3 Bb4 18. Nb1 Nc5 19. Rc3 Nfd7 20. Bg5+ Ke8 21. Re3 Nb6 22. axb5 cxb5 23. Nd3 Nxd3+ 24. Rxd3 a4 25. Kb2 Nc4+ 26. Ka2 axb3+ 27. Kxb3 Bc5 28. Bc1 Na5+ 29. Kc3 Bd4+ 30. Kb4 Nc6+ 31. Kb3 Ra1 32. Bd2 b4 33. Kc4 Na5# 0-1

[Event "LUX-chT 2016/17"]
[Site "Luxembourg"]
[Date "2016.11.20"]
[Round "4"]
[White "Hautot, Stephane"]
[Black "Hartung, Jerry"]
[Result "1-0"]
[WhiteElo "2396"]
[BlackElo "2206"]
[PlyCount "35"]
[EventDate "2016.09.25"]
[EventType "team-tourn"]
[EventRounds "10"]
[EventCountry "LUX"]
[SourceTitle "EXT 2018"]
[Source "ChessBase"]
[SourceDate "2017.10.13"]
[SourceVersion "1"]
[SourceVersionDate "2017.10.13"]
[SourceQuality "1"]

1. e4 e5 2. Nf3 Nc6 3. d4 exd4 4. Bc4 d6 5. Nxd4 Nxd4 6. Qxd4 Qf6 7. Qe3 Ne7 8. Nc3 a6 9. 0-0 Be6 10. Nd5 Bxd5 11. exd5 Qe5 12. Qd2 b5 13. Bb3 g6 14. a4 Rb8 15. axb5 axb5 16. Re1 Qf6 17. Ra7 Kd8 18. Qa5 1-0

[Event "Luxembourg-chT 1415"]
[Site "Luxembourg"]
[Date "2015.01.11"]
[Round "5"]
[White "Jeitz, Christian"]
[Black "Hartung, Jerry"]
[Result "1/2-1/2"]
[WhiteElo "2188"]
[BlackElo "2222"]
[PlyCount "25"]
[EventDate "2014.10.05"]
[EventType "team-tourn"]
[EventRounds "10"]
[EventCountry "LUX"]
[SourceTitle "EXT 2017"]
[Source "ChessBase"]
[SourceDate "2016.10.25"]
[SourceVersion "1"]
[SourceVersionDate "2016.10.25"]
[SourceQuality "1"]

1. e4 e5 2. Nf3 d6 3. d4 exd4 4. Nxd4 Nf6 5. Nc3 Be7 6. Bc4 0-0 7. 0-0 Nc6 8. Nxc6 bxc6 9. Re1 Ng4 10. h3 Ne5 11. Bb3 Bf6 12. Ne2 Bb7 13. Ng3 1/2-1/2

[Event "Luxembourg-chT 1415"]
[Site "Luxembourg"]
[Date "2014.11.09"]
[Round "?"]
[White "Aghabekian, Liana"]
[Black "Hartung, Jerry"]
[Result "1-0"]
[WhiteElo "2174"]
[BlackElo "2222"]
[PlyCount "125"]
[EventDate "2014.10.05"]
[EventType "team-tourn"]
[EventRounds "10"]
[EventCountry "LUX"]
[SourceTitle "EXT 2017"]
[Source "ChessBase"]
[SourceDate "2016.10.25"]
[SourceVersion "1"]
[SourceVersionDate "2016.10.25"]
[SourceQuality "1"]

1. e4 e5 2. Nf3 Nc6 3. Bc4 Bc5 4. c3 Nf6 5. d3 d6 6. Nbd2 0-0 7. h3 Bb6 8. Bb3 Ne7 9. Nf1 Ng6 10. Ng3 Be6 11. 0-0 c6 12. d4 Qe7 13. Bc2 Rad8 14. Nf5 Qc7 15. Bg5 d5 16. Nxe5 dxe4 17. Bxf6 gxf6 18. Ng4 Bxf5 19. Nh6+ Kh8 20. Nxf5 c5 21. Bxe4 cxd4 22. cxd4 Qf4 23. Qf3 Bxd4 24. Nxd4 Rxd4 25. Bxb7 Ne5 26. Qxf4 Rxf4 27. b3 Rd8 28. Rad1 Rfd4 29. Rxd4 Rxd4 30. Rc1 Rd2 31. a4 Kg7 32. Rc7 Rd3 33. Ba6 Rxb3 34. Rxa7 Rb4 35. Bb5 Nc4 36. Be8 Nd6 37. Bc6 f5 38. a5 Ne4 39. Rb7 Rc4 40. Bd5 Rc1+ 41. Kh2 Ra1 42. Rxf7+ Kg6 43. Ra7 Nxf2 44. Kg3 Nd3 45. Ra8 Ra3 46. Bf3 Ne5 47. Kf4 Nxf3 48. gxf3 Ra4+ 49. Ke5 Kg5 50. f4+ Kh4 51. Kxf5 Kxh3 52. Ke5 h5 53. f5 Ra1 54. f6 Re1+ 55. Kf5 Rf1+ 56. Kg6 Rg1+ 57. Kxh5 Rf1 58. Kg6 Rg1+ 59. Kh7 Rf1 60. Kg7 Rg1+ 61. Kf8 Kh2 62. f7 Rg3 63. Ra6 1-0

[Event "Luxembourg-chT 1415"]
[Site "Luxembourg"]
[Date "2014.10.05"]
[Round "1"]
[White "Ackermann, Robert"]
[Black "Hartung, Jerry"]
[Result "1/2-1/2"]
[WhiteElo "2041"]
[BlackElo "2222"]
[PlyCount "50"]
[EventDate "2014.10.05"]
[EventType "team-tourn"]
[EventRounds "10"]
[EventCountry "LUX"]
[SourceTitle "EXT 2017"]
[Source "ChessBase"]
[SourceDate "2016.10.25"]
[SourceVersion "1"]
[SourceVersionDate "2016.10.25"]
[SourceQuality "1"]

1. e4 e5 2. Nf3 Nc6 3. Bc4 Bc5 4. c3 Nf6 5. d4 exd4 6. cxd4 Bb4+ 7. Bd2 Bxd2+ 8. Nbxd2 d5 9. exd5 Nxd5 10. Qb3 Na5 11. Qa4+ Nc6 12. Qb3 Nce7 13. 0-0 0-0 14. Rfe1 c6 15. Rac1 Qb6 16. Qxb6 axb6 17. h3 Be6 18. Ne5 Rfd8 19. Ndf3 Nf4 20. Nxf7 Kxf7 21. Ng5+ Ke8 22. Nxe6 Nxe6 23. Rxe6 Rxd4 24. Rce1 Rd7 25. a3 Ra4 1/2-1/2

[Event "Luxembourg-chT 1314"]
[Site "Luxembourg"]
[Date "2014.02.09"]
[Round "7"]
[White "Berend, Fred"]
[Black "Hartung, Jerry"]
[Result "1-0"]
[WhiteElo "2373"]
[BlackElo "2222"]
[PlyCount "41"]
[EventDate "2013.10.05"]
[EventType "team-tourn"]
[EventRounds "10"]
[EventCountry "LUX"]
[SourceTitle "EXT 2017"]
[Source "ChessBase"]
[SourceDate "2016.10.25"]
[SourceVersion "1"]
[SourceVersionDate "2016.10.25"]
[SourceQuality "1"]

1. Nf3 d5 2. b3 Nf6 3. Bb2 e6 4. e3 b6 5. d4 Be7 6. Ne5 0-0 7. Nd2 Nfd7 8. Bd3 Nxe5 9. dxe5 Ba6 10. 0-0 Bxd3 11. cxd3 c5 12. f4 Nd7 13. Qg4 Rc8 14. Rf3 Rc6 15. Rg3 g6 16. e4 dxe4 17. dxe4 Nxe5 18. Bxe5 Qxd2 19. Rd1 Qb4 20. Qh5 Qxe4 21. Qxh7+ 1-0

[Event "Luxembourg-chT 1314"]
[Site "Luxembourg"]
[Date "2013.10.05"]
[Round "1"]
[White "Goerens, Jean Paul"]
[Black "Hartung, Jerry"]
[Result "1/2-1/2"]
[WhiteElo "1986"]
[BlackElo "2222"]
[PlyCount "21"]
[EventDate "2013.10.05"]
[EventType "team-tourn"]
[EventRounds "10"]
[EventCountry "LUX"]
[SourceTitle "EXT 2017"]
[Source "ChessBase"]
[SourceDate "2016.10.25"]
[SourceVersion "1"]
[SourceVersionDate "2016.10.25"]
[SourceQuality "1"]

1. e4 e5 2. Nf3 Nc6 3. Bc4 Bc5 4. b4 Bxb4 5. c3 Ba5 6. d4 d6 7. 0-0 h6 8. d5 Nce7 9. Qa4+ c6 10. dxc6 bxc6 11. Rd1 1/2-1/2

[Event "Luxembourg-chT 1112"]
[Site "Luxembourg"]
[Date "2011.12.10"]
[Round "3"]
[White "Wealer, Claude"]
[Black "Hartung, Jerry"]
[Result "0-1"]
[WhiteElo "1712"]
[BlackElo "2222"]
[PlyCount "82"]
[EventDate "2011.10.??"]
[EventType "team-tourn"]
[EventRounds "10"]
[EventCountry "LUX"]
[SourceTitle "EXT 2017"]
[Source "ChessBase"]
[SourceDate "2016.10.25"]
[SourceVersion "1"]
[SourceVersionDate "2016.10.25"]
[SourceQuality "1"]

1. Nf3 d5 2. g3 Nf6 3. d3 c6 4. Bg2 Bf5 5. 0-0 Qc8 6. Re1 Bh3 7. Bh1 Nbd7 8. Nbd2 e6 9. Nf1 Bc5 10. Ng5 Bf5 11. d4 Bd6 12. Ne3 Bg6 13. c3 Qc7 14. c4 h6 15. Nf3 Ne4 16. c5 Be7 17. Ng4 Bh7 18. Bf4 Qd8 19. Nge5 Nxe5 20. Nxe5 h5 21. f3 Ng5 22. Bg2 Bf5 23. Be3 f6 24. Nd3 Nf7 25. Qb3 Qc7 26. Bf2 g5 27. e4 dxe4 28. fxe4 Bg6 29. Qxe6 Nh6 30. Qc4 Ng4 31. e5 0-0-0 32. exf6 Bxf6 33. Ne5 Bxe5 34. dxe5 Nxf2 35. Kxf2 Rhe8 36. Qc3 Rd3 37. Qc4 Rxe5 38. Rxe5 Qxe5 39. Qg8+ Be8 40. Re1 Rd2+ 41. Kf1 Qf5+ 0-1

[Event "EU-ch 11th"]
[Site "Rijeka"]
[Date "2010.03.12"]
[Round "7"]
[White "Hartung, Jerry"]
[Black "Mihalinec, Damir"]
[Result "1/2-1/2"]
[WhiteElo "2191"]
[BlackElo "2232"]
[PlyCount "110"]
[EventDate "2010.03.06"]
[EventType "swiss"]
[EventRounds "11"]
[EventCountry "CRO"]
[SourceTitle "CBM 136"]
[Source "ChessBase"]
[SourceDate "2010.05.18"]
[SourceVersion "1"]
[SourceVersionDate "2010.05.18"]
[SourceQuality "1"]

1. e4 c5 2. Nf3 d6 3. d4 cxd4 4. Nxd4 Nf6 5. Nc3 g6 6. Be2 Bg7 7. Be3 0-0 8. 0-0 Nc6 9. Qd2 Bd7 10. a4 Rc8 11. f3 Ne5 12. a5 Nc4 13. Bxc4 Rxc4 14. Ncb5 e5 15. Nxd6 Rxd4 16. Bxd4 exd4 17. Qxd4 Bc6 18. Rfd1 Nxe4 19. Qxa7 Nxd6 20. Qc5 Bxb2 21. Rxd6 Bxa1 22. Rxd8 Rxd8 23. c3 Rd3 24. a6 Rxc3 25. a7 Rxc5 26. a8Q+ Kg7 27. Qxa1+ f6 28. Qa3 Re5 29. Qd6 Kf7 30. Kf2 Rd5 31. Qb8 Rd7 32. h4 Kg7 33. Qc8 h5 34. Ke3 Rf7 35. g4 Bd7 36. Qc4 Re7+ 37. Kf4 hxg4 38. fxg4 Bc6 39. Qc5 Re4+ 40. Kg3 Kf7 41. Qd6 Re3+ 42. Kh2 Re6 43. Qf4 Re2+ 44. Kg3 Re5 45. Qh6 g5 46. Qh7+ Ke6 47. h5 Re3+ 48. Kf2 Rf3+ 49. Ke1 Ke5 50. h6 Be4 51. Qc7+ Kd4 52. Qb6+ Kc4 53. Qe6+ Kd4 54. Qd6+ Kc4 55. Qe6+ Kd4 1/2-1/2

[Event "EU-ch 11th"]
[Site "Rijeka"]
[Date "2010.03.06"]
[Round "1"]
[White "Hartung, Jerry"]
[Black "Gajewski, Grzegorz"]
[Result "0-1"]
[WhiteElo "2191"]
[BlackElo "2567"]
[PlyCount "84"]
[EventDate "2010.03.06"]
[EventType "swiss"]
[EventRounds "11"]
[EventCountry "CRO"]
[SourceTitle "CBM 136"]
[Source "ChessBase"]
[SourceDate "2010.05.18"]
[SourceVersion "1"]
[SourceVersionDate "2010.05.18"]
[SourceQuality "1"]

1. e4 c5 2. Nf3 e6 3. Nc3 a6 4. d4 cxd4 5. Nxd4 Qc7 6. Bd3 Nf6 7. 0-0 Bc5 8. Nb3 Be7 9. a4 d6 10. a5 0-0 11. Be3 Nbd7 12. f4 b5 13. axb6 Nxb6 14. Qe2 Bb7 15. Na5 Bc8 16. Nb3 Re8 17. g4 d5 18. e5 Nfd7 19. Bxa6 Bxa6 20. Rxa6 Rxa6 21. Qxa6 Nc4 22. Nb5 Qd8 23. Bd4 g5 24. f5 Bf8 25. fxe6 Rxe6 26. Qb7 Ndxe5 27. Bxe5 Nxe5 28. N3d4 Rb6 29. Qc7 Qxc7 30. Nxc7 Bc5 31. c3 Nxg4 32. Rf5 Bxd4+ 33. cxd4 h6 34. Nxd5 Rb3 35. Ne7+ Kf8 36. Ng6+ Kg7 37. Ne5 Nxe5 38. dxe5 Rxb2 39. h3 Rb6 40. Kg2 Kg6 41. Rf2 Re6 42. Re2 f6 0-1

[Event "BEL-chT 0708"]
[Site "Belgium"]
[Date "2007.11.04"]
[Round "3.7"]
[White "Vanheirzeele, Daniel"]
[Black "Hartung, Jerry"]
[Result "0-1"]
[WhiteElo "2246"]
[BlackElo "2220"]
[PlyCount "62"]
[EventDate "2007.09.30"]
[EventType "team-tourn"]
[EventRounds "11"]
[EventCountry "BEL"]
[SourceTitle "CBM 120 Extra"]
[Source "ChessBase"]
[SourceDate "2007.11.01"]
[SourceVersion "1"]
[SourceVersionDate "2007.11.01"]
[SourceQuality "1"]
[WhiteTeam "KGSRL"]
[BlackTeam "Namur"]
[WhiteTeamCountry "BEL"]
[BlackTeamCountry "BEL"]

1. d4 d5 2. c4 c6 3. Nf3 Nf6 4. Qb3 Qb6 5. Nc3 dxc4 6. Qxc4 Bf5 7. g3 e6 8. Bg2 Qb4 9. Ne5 Nbd7 10. a3 Nxe5 11. Qxb4 Bxb4 12. axb4 Nc4 13. b5 0-0 14. bxc6 bxc6 15. Bxc6 Rab8 16. b4 Rxb4 17. 0-0 Rc8 18. Bg2 Nb6 19. e4 Bg6 20. Rxa7 Rxc3 21. Bd2 Rcb3 22. Bxb4 Rxb4 23. Rc1 h5 24. d5 exd5 25. e5 Nfd7 26. f4 Bf5 27. Rb7 d4 28. Rc6 Rb1+ 29. Kf2 Rb2+ 30. Kg1 Rxg2+ 31. Kxg2 Be4+ 0-1

[Event "BEL-chT 0607"]
[Site "Belgium"]
[Date "2007.02.25"]
[Round "9"]
[White "Hartung, Jerry"]
[Black "Cnossen, Wiebe"]
[Result "1-0"]
[WhiteElo "2202"]
[BlackElo "2179"]
[PlyCount "75"]
[EventDate "2006.10.01"]
[EventType "team-tourn"]
[EventRounds "11"]
[EventCountry "BEL"]
[SourceTitle "EXT 2008"]
[Source "ChessBase"]
[SourceDate "2007.11.25"]
[SourceVersion "1"]
[SourceVersionDate "2007.11.25"]
[SourceQuality "1"]
[WhiteTeam "Namur"]
[BlackTeam "KSK47 Eynatten II"]
[WhiteTeamCountry "BEL"]
[BlackTeamCountry "BEL"]

1. e4 e6 2. d4 d5 3. exd5 exd5 4. Nf3 Bg4 5. Qe2+ Qe7 6. Qxe7+ Bxe7 7. Ne5 Bf5 8. Bd3 Bxd3 9. Nxd3 Nd7 10. Nc3 c6 11. 0-0 0-0-0 12. Bf4 g5 13. Bg3 f5 14. Be5 Ngf6 15. Rae1 Rhf8 16. f3 Rde8 17. Nd1 Bd8 18. Bd6 Rxe1 19. Rxe1 Re8 20. Ne3 f4 21. Nf5 Rxe1+ 22. Nxe1 Ne8 23. Ne7+ Bxe7 24. Bxe7 Ndf6 25. h4 h6 26. Nd3 Kd7 27. Bf8 Ng8 28. Nc5+ Kc8 29. hxg5 hxg5 30. Ne6 Kd7 31. Nxg5 Ne7 32. Bxe7 Kxe7 33. Nh3 Nd6 34. Nxf4 Nf5 35. c3 b5 36. Nd3 a5 37. Kf2 Kd6 38. g4 1-0

[Event "Rewal op 11th"]
[Site "Rewal"]
[Date "2006.08.26"]
[Round "8"]
[White "Siwiec, Arkadiusz"]
[Black "Hartung, Jerry"]
[Result "1-0"]
[WhiteElo "2026"]
[BlackElo "2199"]
[PlyCount "71"]
[EventDate "2006.08.21"]
[EventType "swiss"]
[EventRounds "11"]
[EventCountry "POL"]
[SourceTitle "EXT 2010"]
[Source "ChessBase"]
[SourceDate "2010.11.25"]
[SourceVersion "1"]
[SourceVersionDate "2010.11.25"]
[SourceQuality "1"]

1. e4 e5 2. Nf3 Nc6 3. Bb5 Bc5 4. 0-0 Nf6 5. Re1 0-0 6. c3 d6 7. h3 Bb6 8. d3 Ne7 9. Nbd2 c6 10. Ba4 Ng6 11. Nf1 Nh5 12. d4 Qe7 13. g3 Bxh3 14. Ng5 Bxf1 15. Qxh5 h6 16. Kxf1 hxg5 17. Bxg5 Qe6 18. Bb3 d5 19. Kg2 f5 20. f3 Rae8 21. exd5 cxd5 22. dxe5 Rf7 23. f4 Qc6 24. Qf3 Rd7 25. Rad1 Kf8 26. Bxd5 Qb5 27. b3 Bd8 28. Bxd8 Rexd8 29. c4 Qa5 30. Qh5 Rxd5 31. Qxf5+ Ke7 32. cxd5 Rxd5 33. Qxg6 Rd2+ 34. Kh3 Qxa2 35. Rxd2 Qxd2 36. Qd6+ 1-0

[Event "Rewal op 11th"]
[Site "Rewal"]
[Date "2006.08.23"]
[Round "4"]
[White "Stoma, Pawel"]
[Black "Hartung, Jerry"]
[Result "1-0"]
[WhiteElo "2244"]
[BlackElo "2199"]
[PlyCount "89"]
[EventDate "2006.08.21"]
[EventType "swiss"]
[EventRounds "11"]
[EventCountry "POL"]
[SourceTitle "EXT 2010"]
[Source "ChessBase"]
[SourceDate "2010.11.25"]
[SourceVersion "1"]
[SourceVersionDate "2010.11.25"]
[SourceQuality "1"]

1. e4 e5 2. Nf3 Nc6 3. Bb5 Bc5 4. c3 Nf6 5. d3 0-0 6. Bxc6 bxc6 7. Nxe5 d5 8. 0-0 Qe8 9. exd5 Qxe5 10. d4 Qxd5 11. dxc5 Qxc5 12. Be3 Qb5 13. b3 c5 14. c4 Qc6 15. Nc3 Bb7 16. f3 Rfe8 17. Bf4 Nh5 18. Qc1 Rad8 19. Bg5 Rd3 20. Nd5 Qd6 21. Qc2 Rd4 22. Rae1 Re6 23. Ne7+ Kh8 24. Nf5 Qd7 25. Nxd4 cxd4 26. Qf5 g6 27. Qc5 h6 28. Rxe6 Qxe6 29. Qxd4+ Kh7 30. Bd2 g5 31. Re1 Qf5 32. Bc3 Kg6 33. Rd1 Bxf3 34. gxf3 Nf4 35. Kh1 Kh5 36. Qd7 Qc2 37. Qxf7+ Ng6 38. Qd7 Nf4 39. Qd2 Qf5 40. Qf2 Kg6 41. Qe3 Kh5 42. Qe8+ Kh4 43. Be1+ Kh3 44. Qd7 Ne6 45. Qd3 1-0

[Event "Pardubice op-A"]
[Site "Pardubice"]
[Date "2006.07.28"]
[Round "8"]
[White "Hartung, Jerry"]
[Black "Pakhomov, Alexey"]
[Result "0-1"]
[WhiteElo "2193"]
[BlackElo "2523"]
[PlyCount "68"]
[EventDate "2006.07.21"]
[EventType "swiss"]
[EventRounds "9"]
[EventCountry "CZE"]
[SourceTitle "CBM 113 Extra"]
[Source "ChessBase"]
[SourceDate "2006.09.14"]
[SourceVersion "1"]
[SourceVersionDate "2006.09.14"]
[SourceQuality "1"]

1. e4 c6 2. c4 d5 3. cxd5 cxd5 4. exd5 Nf6 5. Qa4+ Nbd7 6. Nc3 g6 7. Nf3 Bg7 8. Bc4 0-0 9. d3 a6 10. Qa3 Nb6 11. Qb3 Bg4 12. Ng5 h6 13. h3 Bf5 14. Nf3 e6 15. dxe6 Nxc4 16. dxc4 Bxe6 17. 0-0 b5 18. Rd1 Qa5 19. Bf4 Bxc4 20. Qc2 Rac8 21. b4 Qb6 22. Rac1 Rfd8 23. Rxd8+ Rxd8 24. a4 Qb7 25. axb5 axb5 26. Ne5 Rc8 27. Nxb5 Qxb5 28. Nxc4 Qxb4 29. Qe2 Nd5 30. Ne5 Nc3 31. Qf3 Bxe5 32. Bxe5 Ne2+ 33. Kh2 Rxc1 34. Qf6 Rh1+ 0-1

[Event "Pardubice op-A"]
[Site "Pardubice"]
[Date "2006.07.22"]
[Round "2"]
[White "Hartung, Jerry"]
[Black "Nogly, Christoph"]
[Result "1-0"]
[WhiteElo "2193"]
[BlackElo "2302"]
[PlyCount "97"]
[EventDate "2006.07.21"]
[EventType "swiss"]
[EventRounds "9"]
[EventCountry "CZE"]
[SourceTitle "CBM 113 Extra"]
[Source "ChessBase"]
[SourceDate "2006.09.14"]
[SourceVersion "1"]
[SourceVersionDate "2006.09.14"]
[SourceQuality "1"]

1. e4 e5 2. Nf3 Nc6 3. Bb5 Nf6 4. 0-0 Bc5 5. c3 0-0 6. d4 Bb6 7. Bg5 d6 8. a4 a5 9. Re1 h6 10. Bh4 exd4 11. Bxc6 bxc6 12. Nxd4 Re8 13. Nd2 g5 14. Bg3 c5 15. N4f3 Bb7 16. Qc2 d5 17. Rad1 dxe4 18. Nxe4 Bxe4 19. Rxd8 Raxd8 20. Qc1 c4 21. Nd4 Nh5 22. h4 Nxg3 23. hxg5 Bxd4 24. cxd4 Nf5 25. gxh6 Bd3 26. Rxe8+ Rxe8 27. g4 Nxd4 28. Qg5+ Bg6 29. Qf6 Re1+ 30. Kh2 Ne6 31. f4 Re2+ 32. Kg1 Re4 33. f5 Rxg4+ 34. Kh2 Rf4 35. Qc3 Rxf5 36. Qxc4 Kh7 37. b4 axb4 38. Qxb4 Rf4 39. Qb5 Rg4 40. a5 Be4 41. Qe5 Kxh6 42. a6 Ng5 43. Qh8+ Nh7 44. a7 Rg2+ 45. Kh3 Ra2 46. Qb8 Ng5+ 47. Kg3 f5 48. Qf8+ Kg6 49. Qg8+ 1-0

[Event "BEL-chT 0506"]
[Site "Belgium"]
[Date "2006.02.05"]
[Round "8"]
[White "Afek, Yochanan"]
[Black "Hartung, Jerry"]
[Result "1-0"]
[WhiteElo "2370"]
[BlackElo "2226"]
[PlyCount "45"]
[EventDate "2005.10.09"]
[EventType "team-tourn"]
[EventRounds "11"]
[EventCountry "BEL"]
[SourceTitle "EXT 2007"]
[Source "ChessBase"]
[SourceDate "2006.11.23"]
[SourceVersion "1"]
[SourceVersionDate "2006.11.23"]
[SourceQuality "1"]
[WhiteTeam "Jean Jaures"]
[BlackTeam "Namur"]
[WhiteTeamCountry "BEL"]
[BlackTeamCountry "BEL"]

1. e4 e5 2. Nf3 Nc6 3. d4 exd4 4. Nxd4 Bc5 5. Be3 Qf6 6. c3 Nge7 7. g3 d5 8. Bg2 Nxd4 9. cxd4 Bb4+ 10. Nc3 Qa6 11. exd5 0-0 12. Qb3 Ba5 13. 0-0-0 Bd7 14. Qa3 Rfe8 15. b4 Bb6 16. Qxa6 bxa6 17. d6 Nc6 18. dxc7 Rac8 19. Bxc6 Bxc6 20. d5 Bb7 21. Bxb6 axb6 22. d6 Bxh1 23. Rxh1 1-0

[Event "BEL Elite Febr op"]
[Site "Belgium"]
[Date "2005.05.08"]
[Round "4"]
[White "Bolzoni, Victor Angel"]
[Black "Hartung, Jerry"]
[Result "0-1"]
[WhiteElo "2219"]
[BlackElo "2203"]
[PlyCount "92"]
[EventDate "2005.02.??"]
[EventType "swiss"]
[EventRounds "7"]
[EventCountry "BEL"]
[SourceTitle "EXT 2007"]
[Source "ChessBase"]
[SourceDate "2006.11.23"]
[SourceVersion "1"]
[SourceVersionDate "2006.11.23"]
[SourceQuality "1"]

1. e4 e5 2. Nf3 Nc6 3. Bb5 Bc5 4. 0-0 d6 5. d4 exd4 6. Nxd4 Bd7 7. Nb3 Bb6 8. Nc3 Ne5 9. Bxd7+ Qxd7 10. Nd5 Nf6 11. Nxf6+ gxf6 12. a4 a6 13. a5 Rg8 14. Kh1 Ba7 15. Qe2 0-0-0 16. Be3 Bxe3 17. Qxe3 Qg4 18. Rg1 f5 19. f3 Qh5 20. exf5 Qxf5 21. Nd4 Qh5 22. g4 Qg6 23. Nf5 Nc6 24. Rge1 h5 25. h3 hxg4 26. fxg4 Qh7 27. Qh6 Rh8 28. Qxh7 Rxh7 29. Kg2 Ne5 30. Ra4 Kd7 31. Re3 f6 32. Rb3 Rdh8 33. Rc3 c5 34. Rf4 Ke6 35. Rf2 d5 36. Rb3 d4 37. Rb6+ Kd5 38. Rxf6 Rxh3 39. Ne7+ Kc4 40. b3+ Kc3 41. g5 Ng4 42. R6f3+ Ne3+ 43. Rxe3+ dxe3 44. Nd5+ Kd4 45. Rf5 e2 46. Kf2 Re8 0-1

[Event "BEL Elite Febr op"]
[Site "Belgium"]
[Date "2005.05.07"]
[Round "3"]
[White "Hartung, Jerry"]
[Black "Duhayon, Yves"]
[Result "1-0"]
[WhiteElo "2203"]
[BlackElo "2245"]
[PlyCount "79"]
[EventDate "2005.02.??"]
[EventType "swiss"]
[EventRounds "7"]
[EventCountry "BEL"]
[SourceTitle "EXT 2007"]
[Source "ChessBase"]
[SourceDate "2006.11.23"]
[SourceVersion "1"]
[SourceVersionDate "2006.11.23"]
[SourceQuality "1"]

1. e4 e5 2. Nf3 Nc6 3. Bb5 a6 4. Bxc6 dxc6 5. 0-0 Bd6 6. d4 exd4 7. Qxd4 f6 8. e5 fxe5 9. Nxe5 Nf6 10. Bg5 Be6 11. Nc3 0-0 12. Rad1 Qe8 13. Bxf6 Rxf6 14. Ne4 Rd8 15. Nxd6 cxd6 16. Rfe1 Bd5 17. Nxc6 Bxc6 18. Rxe8+ Rxe8 19. f3 Rfe6 20. c4 h6 21. b3 g5 22. h4 gxh4 23. Qxh4 Rg6 24. Kf2 Kh7 25. Qh2 Ree6 26. Qf4 Ref6 27. Qh4 Rf5 28. Rxd6 h5 29. Qe7+ Rg7 30. Qe6 Rfg5 31. g3 Rxg3 32. Qf5+ R7g6 33. Qxh5+ Kg7 34. Qe5+ Kf7 35. Qxg3 Rxg3 36. Kxg3 Ke7 37. Rxc6 bxc6 38. Kf4 Ke6 39. Ke4 a5 40. Kd4 1-0

[Event "BEL Elite Febr op"]
[Site "Belgium"]
[Date "2005.05.06"]
[Round "2"]
[White "Piacentini, Claudio"]
[Black "Hartung, Jerry"]
[Result "1/2-1/2"]
[WhiteElo "2193"]
[BlackElo "2203"]
[PlyCount "64"]
[EventDate "2005.02.??"]
[EventType "swiss"]
[EventRounds "7"]
[EventCountry "BEL"]
[SourceTitle "EXT 2007"]
[Source "ChessBase"]
[SourceDate "2006.11.23"]
[SourceVersion "1"]
[SourceVersionDate "2006.11.23"]
[SourceQuality "1"]

1. e4 c5 2. Nf3 Nc6 3. d4 cxd4 4. Nxd4 Nf6 5. Nc3 e5 6. Nf3 Bb4 7. Bd3 d5 8. exd5 Nxd5 9. Bd2 Bxc3 10. bxc3 h6 11. 0-0 0-0 12. Re1 Re8 13. c4 Nf6 14. Bc3 e4 15. Bxf6 Qxf6 16. Bxe4 Bg4 17. h3 Rad8 18. Bd5 Rxe1+ 19. Qxe1 Nb4 20. Rd1 Bxf3 21. Bxf3 Rxd1 22. Qxd1 Nxa2 23. Qb1 Qa6 24. c5 Nc3 25. Qxb7 Qxb7 26. Bxb7 a5 27. c6 Nd5 28. Ba6 Kf8 29. Kf1 Ke7 30. Bc4 Nb6 31. c7 f6 32. Ke2 Kd6 1/2-1/2

[Event "Stuttgart op"]
[Site "Stuttgart"]
[Date "2003.05.29"]
[Round "2.11"]
[White "Hartung, Jerry"]
[Black "Mutschnik, Illya"]
[Result "0-1"]
[WhiteElo "2152"]
[BlackElo "2371"]
[PlyCount "90"]
[EventDate "2003.05.29"]
[EventType "swiss"]
[EventRounds "7"]
[EventCountry "GER"]
[SourceTitle "CBM 094 Extra"]
[Source "ChessBase"]
[SourceDate "2003.07.09"]
[SourceVersion "2"]
[SourceVersionDate "2003.07.09"]
[SourceQuality "1"]

1. e4 c5 2. Nf3 d6 3. Bb5+ Nd7 4. 0-0 a6 5. Bxd7+ Bxd7 6. d4 cxd4 7. Qxd4 e5 8. Qd3 h6 9. c4 b5 10. Nc3 bxc4 11. Qxc4 Nf6 12. Be3 Be7 13. a4 0-0 14. b4 Rc8 15. Qd3 Be6 16. Rfc1 Bc4 17. Qb1 Qd7 18. b5 Rb8 19. b6 a5 20. Nb5 Be2 21. Rc7 Qe8 22. Ra7 Bd8 23. Nxd6 Qe6 24. Nb7 Nd7 25. Nxd8 Rfxd8 26. Rxa5 Nxb6 27. Bxb6 Rd1+ 28. Qxd1 Bxd1 29. Rxd1 Rxb6 30. h3 Rb2 31. Nxe5 Qb6 32. Ra8+ Kh7 33. Ng4 Ra2 34. Rdd8 Ra1+ 35. Kh2 Qc7+ 36. g3 f6 37. Nxf6+ gxf6 38. Rh8+ Kg6 39. Rag8+ Kh5 40. Kg2 Qc1 41. Kf3 Rxa4 42. g4+ Kh4 43. Kg2 Ra1 44. Kf3 Kxh3 45. Rg6 Ra3+ 0-1

[Event "Stuttgart-chA"]
[Site "Stuttgart"]
[Date "2003.??.??"]
[Round "?"]
[White "Akstinat, Sven Holger"]
[Black "Hartung, Jerry"]
[Result "0-1"]
[WhiteElo "1985"]
[BlackElo "2150"]
[PlyCount "70"]
[EventDate "2003.??.??"]
[EventType "swiss"]
[EventRounds "9"]
[EventCountry "GER"]
[SourceTitle "EXT 2007"]
[Source "ChessBase"]
[SourceDate "2006.11.23"]
[SourceVersion "1"]
[SourceVersionDate "2006.11.23"]
[SourceQuality "1"]

1. e4 e5 2. Nf3 Nc6 3. Bc4 Bc5 4. c3 Nf6 5. d4 exd4 6. cxd4 Bb4+ 7. Nc3 Nxe4 8. 0-0 Bxc3 9. d5 Bf6 10. Re1 Ne7 11. Rxe4 d6 12. Bg5 Bxg5 13. Nxg5 h6 14. Qe2 hxg5 15. Re1 Be6 16. dxe6 f5 17. Re3 c6 18. Rh3 Rxh3 19. gxh3 g6 20. Qd2 Qc7 21. Qxg5 0-0-0 22. Qf6 d5 23. Bf1 Qd6 24. a3 c5 25. Bb5 Kc7 26. Bf1 Kb8 27. h4 a6 28. Re3 Rc8 29. h5 gxh5 30. Bd3 d4 31. Rg3 c4 32. Rg7 cxd3 33. Rxe7 d2 34. Rxb7+ Kxb7 35. Qf7+ Rc7 0-1